=LDR 00000nam 2200000 4500 =001 INLIS000000000034624 =005 20130612140525 =008 ***********************************ind** =035 ##$$0010-061300000034624 =041 ##$$a ind =082 ##$$a 028.5 =090 ##$$a 028.5, Ram,b =100 ##$$a Ramayanti =245 ##$$a Barbie Misty Magical Unicorn, Misty Si Unicom Ajaib, Alih Bahasa Ramayanti =260 ##$$a 2009 $b Jakarta =300 ##$$a 27 hlm., Illus., 20 cm =650 ##$$a Bacaan Kanak-Kanak =850 ##$$a NBPNMAT